[Event "EU-ch Hybrid U10 Girls"]
[Site "Tornelo INT"]
[Date "2021.10.15"]
[Round "6"]
[White "Bashirli, Saadat"]
[Black "Sultanova, Kristina"]
[Result "1-0"]
[WhiteElo "1284"]
[BlackElo "1293"]
[PlyCount "87"]
[EventDate "2021.10.15"]
[EventType "swiss"]
[EventRounds "9"]
[EventCountry "NET"]
[SourceTitle "EXT 2023"]
[Source "ChessBase"]
[SourceDate "2022.10.05"]
[SourceVersion "1"]
[SourceVersionDate "2022.10.05"]
[SourceQuality "1"]
[WhiteTeam "Azerbaijan"]
[BlackTeam "Russia"]
[WhiteTeamCountry "AZE"]
[BlackTeamCountry "RUS"]

1. e4 c5 2. Nf3 Nc6 3. Bb5 g6 4. 0-0 Bg7 5. c3 e5 6. Re1 Nge7 7. d3 h6 8. Be3 b6 9. d4 exd4 10. cxd4 cxd4 11. Nxd4 0-0 12. Nc3 Bb7 13. Nxc6 dxc6 14. Bc4 c5 15. Qg4 Nc6 16. f4 Kh7 17. Rad1 Nd4 18. Bxd4 Bxd4+ 19. Kh1 a6 20. Bd5 Bxd5 21. Nxd5 b5 22. b4 Qc8 23. Qh4 Qd8 24. Qg3 Rc8 25. bxc5 Bxc5 26. e5 Qa5 27. Nf6+ Kg7 28. f5 Rfd8 29. fxg6 fxg6 30. Qg4 Be7 31. Rf1 Rxd1 32. Rxd1 Rd8 33. Rf1 Qxa2 34. Nh5+ Kh7 35. Nf4 Qg8 36. e6 Rd6 37. h4 a5 38. h5 g5 39. Qf5+ Kh8 40. Ng6+ Kg7 41. Nxe7 Qe8 42. Qe5+ Kh7 43. Rf7+ Qxf7 44. exf7 1-0